1451 1848 1786 1805 1257 1533 1697 1869 1975 1456 1907 1038 1613 1296 1702 1718 1959 1046 1319 1339 1719 1827 1697 1389 1453 1932 1064 1816 1968 1736 1399 1824 1019 1102 1721 1916 1314 1856 1436 1683 1089 1250 1585 1831 1178 1223 1021 1935 1917 1380 1478 1078 1036 1804 1178 1363 1102 1422 1680 1240 1821 1434 1511 1882 1405 1066 1557 1677 1078 1066 1968 1525 1043 1757 1200 1580 1462 1862 1383 1401 1005 1672 1611 1156 1829 1946 1653 1867 1417 1419 1621 1637 1012 1055 1242 1183 1923 1811 1203 BCNSPRNW ULIB Ver.6.0+V

เปลี่ยนเป็นภาษาไทย

Change to English
 แสดงรายละเอียดบรรณานุกรม
  กลับหน้าหลัก

Brief Record : Get Marc (ISO 2709) : E-mail record : QR code < ปิดหน้าต่าง
LEADER : 00000nam 2200000uu 4500
001    13399126424
003     ULIB
008    180915s2561||||th 000 0 tha d
020    ^a9786165156844
050    ^aBH^bอ972K
100    ^aไอซ์ THAI KETO PAL
245    ^aKETOGENIC DIET มหัศจรรย์ไขมัน ยิ่งกินยิ่งผอม
250    ^aพิมพ์ครั้งที่ 1
260    ^aกรุงเทพฯ :^bเนชั่น อินเตอร์เนชั่นแนล เอ็ดดูเทนเมนต์,^c2561
300    ^a188 หน้า;^b19 ซม.
650    ^aความงาม
650    ^aการลดความอ้วน
945    ^p195^l0^i26626
999    ^aกัณชพร จุลอักษร
รายการนี้ยังไม่มีแท็ก
คุณยังไม่ได้ล็อกอิน คุณสามารถมีกิจกรรมร่วมกับเว็บไซต์ได้ แต่ต้องล็อกอินก่อน ::
  ล็อกอิน

รายการสื่อสารสนเทศ

ลำดับที่ ประเภท เลขเรียก/บาร์โค้ด สถานที่ สถานะ
1. วิทยาศาสตร์การแพทย์ และสุขภาพ
วิทยาศาสตร์การแพทย์ และสุขภาพ
BH อ972K ฉ.1 
  Barcode: 26626
ห้องสมุดวิทยาเขตนครสวรรค์
►หนังสือทั่วไป:l:General Books
บนชั้น

รายการใกล้เคียง
    ชื่อเรื่อง [KETOGENIC DIET มหัศจรรย์ไขมัน ยิ่งกินยิ่งผอม]

    ผู้แต่ง [ไอซ์ THAI KETO PAL]

    หัวเรื่อง [ความงาม]
    หัวเรื่อง [การลดความอ้วน]

BibComment


ยังไม่เคยถูกคอมเมนท์

คอมเมนท์ทรัพยากรรายการนี้
  คอมเมนท์: KETOGENIC DIET ม..


 Copyright 2026. Bcnsprnw @Library